| 000 | 00558nam a2200193 a 4500 | ||
|---|---|---|---|
| 001 | 1585 | ||
| 005 | 20140414131922.0 | ||
| 008 | 020416s19uu xx 00 eng d | ||
| 020 | _a1-85830-012-6 | ||
| 050 |
_aER _bT41 1997 |
||
| 100 | _aDe La Touche, Grace | ||
| 245 |
_aThree little pigs, The / _cstory re-told by Grace De La Touche. |
||
| 260 |
_aLondon : _bGrandreams, _c1997. |
||
| 300 | _a1 v. p. : ill. ; cm. | ||
| 440 | _aA goodnight, sleeptight storybook | ||
| 650 |
_aPigs _xFiction. |
||
| 650 |
_aChildren stories _xFiction. |
||
| 999 |
_c111799 _d111799 |
||